| 000 | 00794nam a22002057a 4500 | ||
|---|---|---|---|
| 999 |
_c19207 _d19207 |
||
| 003 | AR-CdUCM | ||
| 008 | 190516b ||||| |||| 00| 0 spa d | ||
| 040 |
_aMUNICIPALIDAD PROVINCIAL DEL CUSCO _cBIBLIOTECA MUNICIPAL DEL CUSCO |
||
| 082 |
_a348.6 / _bSA18 |
||
| 100 |
_aSalgado Padilla, Felipe _940410 |
||
| 245 | _aEl fuero privativo de comunidades laborales y procedimiento / | ||
| 260 |
_aLima : _bImprenta Cadillo, _c1966. |
||
| 300 |
_a123 paginas ; _c22 cm. |
||
| 505 | _aContenido: Generalidades -- Competencia -- Del tribunal de comunidades laborales -- De los juzgados de comunidades laborales -- Del personal auxiliar de este fuero... | ||
| 650 |
_aFuero _940411 |
||
| 650 |
_aComunidades _97021 |
||
| 650 |
_aLaborales _940412 |
||
| 942 |
_2ddc _cLIBROS |
||
| 945 |
_apjha _d2019-05-16 |
||